000 00596nam a2200157 a 4500
008 080924s2006 ||||||||||||||||| || u
050 _aIBRD(08)PRWP
100 _aVerner, Dorte
245 1 0 _aRural poor in rich rural areas: poverty in rural Argentina
260 _aWashington, D.C.
_bWorld Bank
_c2006
300 _a53p.
350 _a0.00
490 _aWorld Bank policy research working papers
710 _aWorld Bank
995 _D0.00
_FCBU-MAIN LIBRARY (Kitwe)
_H1
_I0.00
_M4096
_UAVAILABLE
_WSep 24, 2008
_ZInternational Publications
999 _c56836
_d56836